Statistics for Top 10 Middlesbrough PL scorers

Click here to take the quiz!

General Stats

  • This quiz has been taken 43 times
  • The average score is 6 of 10

Answer Stats

HintAnswer% Correct
29Juninho
88%
26Viduka
79%
18Downing
76%
22Hasselbaink
67%
25Yakubu
48%
18Maccarone
48%
23Nemeth
45%
22Boksic
42%
31Ricard
39%
18Deane
18%

Score Distribution

Percentile by Number Answered

Percent of People with Each Score

Your Score History

You have not taken this quiz